Sports Quiz

Random Sports or NFL Quiz

One-Syllable Pro Sports Teams Quiz Stats

 Plays Quiz Updated Jun 18, 2018

Support Sporcle.
Go Orange.
Score 0/32 Timer 06:00
16 Plays Today
League Team % Correct
NHLWinnipeg Jets
86.9%
NFLNew York Jets
84.4%
NBAMiami Heat
80.2%
NFLChicago Bears
76.4%
MLBNew York Mets*
76%
MLBCincinnati Reds
74.3%
MLBChicago Cubs
72.6%
NBAChicago Bulls
69%
MLBTampa Bay Rays
66.7%
NBABrooklyn Nets
65%
NBAUtah Jazz
64.3%
NFLIndianapolis Colts
63.8%
NFLBuffalo Bills
63.8%
NFLCleveland Browns
63.6%
NBASacramento Kings
63.4%
NHLLos Angeles Kings
63.4%
League Team % Correct
NBANew York Knicks*
62.5%
NFLLos Angeles Rams
60.9%
NFLNew Orleans Saints
59.6%
NBAAtlanta Hawks
59.5%
MLBAtlanta Braves
56.7%
NBASan Antonio Spurs
55.4%
NFLKansas City Chiefs
55.1%
NBAPhoenix Suns
53.1%
MLBMinnesota Twins
51.8%
NBAMilwaukee Bucks
51%
NHLSt. Louis Blues
47.3%
NHLMinnesota Wild
47%
NHLDallas Stars
46.7%
NHLAnaheim Ducks
45%
NHLSan Jose Sharks
43.5%
NHLCalgary Flames
38.8%

You're not logged in!

Compare scores with friends on all Sporcle quizzes.
OR
Log In

From the Vault

Big 4 Teams (Redux)

by sportfreak642

If you accidentally click a mine, be a good sport about it.
Remove Ads.
Support Sporcle.
Get the best of Sporcle when you Go Orange. This ad-free experience offers more features, more stats, and more fun while also helping to support Sporcle. Thank you for becoming a member.

Show Comments

Extras

Top Quizzes Today


Score Distribution

Your Account Isn't Verified!

In order to create a playlist on Sporcle, you need to verify the email address you used during registration. Go to your Sporcle Settings to finish the process.

Report this User

Report this user for behavior that violates our Community Guidelines.

Details: